Nature Conservation (Scotland) Act 2004 (Record no. 74735)
[ view plain ]
| 000 -LEADER | |
|---|---|
| fixed length control field | 01447cab a2200265 4500 |
| 001 - CONTROL NUMBER | |
| control field | ABS68686 |
| 008 - FIXED-LENGTH DATA ELEMENTS--GENERAL INFORMATION | |
| fixed length control field | 050124n2004 000 0 eng u |
| 035 ## - SYSTEM CONTROL NUMBER | |
| System control number | (Sirsi) u128571 |
| 100 ## - MAIN ENTRY--PERSONAL NAME | |
| Personal name | Reid, C. |
| 245 ## - TITLE STATEMENT | |
| Title | Nature Conservation (Scotland) Act 2004 |
| 260 ## - PUBLICATION, DISTRIBUTION, ETC. | |
| Date of publication, distribution, etc. | 2004 |
| 490 ## - SERIES STATEMENT | |
| Series statement | Scottish Planning and Environmental Law |
| Volume/sequential designation | (106) December 2004, 135-13(3) |
| 520 ## - SUMMARY, ETC. | |
| Summary, etc. | Examines the provisions of the Nature Conservation (Scotland) Act 2004. The Act introduces an obligation on local authorities to further the conservation of biodiversity, makes major changes to the effect of land being designated as a Site of Special Scientific Interest and many detailed changes to the law on species protection. Concludes that the Act offers stronger wildlife protection but clearer obligations, more tightly focused regulation and rights of appeal for affected parties. The Act is available at www.scotland-legislation.hmso.gov.uk. |
| 590 ## - LOCAL NOTE (RLIN) | |
| Local note | ABS |
| 650 ## - SUBJECT ADDED ENTRY--TOPICAL TERM | |
| Topical term or geographic name entry element | NATURE CONSERVATION (SCOTLAND) ACT 2004 |
| 650 ## - SUBJECT ADDED ENTRY--TOPICAL TERM | |
| Topical term or geographic name entry element | NATURAL HERITAGE (SCOTLAND) ACT 1991 |
| 650 ## - SUBJECT ADDED ENTRY--TOPICAL TERM | |
| Topical term or geographic name entry element | WILDLIFE AND COUNTRYSIDE ACT 1981 |
| 650 ## - SUBJECT ADDED ENTRY--TOPICAL TERM | |
| Topical term or geographic name entry element | SCOTLAND |
| 650 ## - SUBJECT ADDED ENTRY--TOPICAL TERM | |
| Topical term or geographic name entry element | ENVIRONMENTAL MANAGEMENT |
| 650 ## - SUBJECT ADDED ENTRY--TOPICAL TERM | |
| Topical term or geographic name entry element | BIODIVERSITY |
| 650 ## - SUBJECT ADDED ENTRY--TOPICAL TERM | |
| Topical term or geographic name entry element | SITES OF SPECIAL SCIENTIFIC INTEREST |
| 690 ## - LOCAL SUBJECT ADDED ENTRY--TOPICAL TERM (OCLC, RLIN) | |
| Topical term or geographic name as entry element | RURAL-NATURE CONSERVATION |
| 856 ## - ELECTRONIC LOCATION AND ACCESS | |
| Uniform Resource Identifier | <a href="https://www.scotland-legislation.hmso.gov.uk/legislation/scotland/acts2004/20040006.htm">https://www.scotland-legislation.hmso.gov.uk/legislation/scotland/acts2004/20040006.htm</a> |
| Public note | View the Act on the HMSO website... |
| 942 ## - ADDED ENTRY ELEMENTS (KOHA) | |
| Suppress in OPAC | 0 |
| Withdrawn status | Lost status | Source of classification or shelving scheme | Damaged status | Not for loan | Home library | Current library | Shelving location | Date acquired | Total Checkouts | Full call number | Barcode | Date last seen | Copy number | Price effective from | Koha item type |
|---|---|---|---|---|---|---|---|---|---|---|---|---|---|---|---|
| Dewey Decimal Classification | London | London | Journal article | 24/01/2005 | ABS68686 | 128571-1001 | 06/08/2019 | 1 | 06/08/2019 | Journal article |